000
00354nam a22001337a 4500
020
_a
9780373676255
082
_a
813.6
_b
WHI
100
_a
White, Hope
245
_a
Mountain Rescue /
_c
Hope White
260
_a
New York :
_b
Love Inspired,
_c
2014.
300
_a
280p. ;
_c
17 cm.
942
_2
ddc
_c
BK
999
_c
588582
_d
588582